000 00538nam a2200169 i 4500
001 114774
003 ES-MaACL
005 20230906190240.0
007 t|
008 070327s1912 fr ||||1| fre d
100 1 _aMirabeau, Honoré-Gabriel de Riqueti
_ccomte de.
_981463
245 1 0 _aOeuvres de Mirabeau.
_n, . I,
_pLes écrits /
_cavec une introduction et des notes par Louis Lumet.
260 _aParis :
_bE. Fasquelle,
_c1912.
300 _aXV, 551 p. ;
_c19 cm.
700 1 _aLumet, Louis.
_974740
852 _aES-MaACL
_jF-1069
999 _c114774
_d114774